000 00473cam a2200205ua 4500
001 8798
005 20260515114358.0
008 150214n xxk |||gr||||Z||||||eng
020 _a9780415026819
040 _cMAIN
041 _aeng
082 _a822.33
100 _aLatham, A.,
_eEditor.
245 1 _aAs you like it
_cEdited by A. Latham
250 _a1st.
260 _aLondon:
_bRoutledge,
_c1994.
300 _axcv, 134p.
653 _aEnglish drama
942 _cBK
999 _c7886
_d7886